Essays on Strategy / (Record no. 186399)
[ view plain ]
| 000 -LEADER | |
|---|---|
| fixed length control field | 00604 a2200181 4500 |
| 003 - CONTROL NUMBER IDENTIFIER | |
| control field | NUST |
| 005 - DATE AND TIME OF LATEST TRANSACTION | |
| control field | 20221228142507.0 |
| 040 ## - CATALOGING SOURCE | |
| Transcribing agency | Nust |
| 082 ## - DEWEY DECIMAL CLASSIFICATION NUMBER | |
| Classification number | 355.4,NAT |
| 100 ## - MAIN ENTRY--PERSONAL NAME | |
| Personal name | Nat |
| 9 (RLIN) | 106249 |
| 245 ## - TITLE STATEMENT | |
| Title | Essays on Strategy / |
| 260 ## - PUBLICATION, DISTRIBUTION, ETC. | |
| Place of publication, distribution, etc. | Washington |
| Name of publisher, distributor, etc. | National Degense UNiversiruy |
| Date of publication, distribution, etc. | 1984 |
| 300 ## - PHYSICAL DESCRIPTION | |
| Extent | vii,158 p.; |
| 505 ## - FORMATTED CONTENTS NOTE | |
| Formatted contents note | Operations Barbarossa (Page-1), Tantalus Revisited (Page-13), Deep Attack in Defense of Central Europe (Page-29), Atlantic Cooperation’s for Persian Gull Security (Page-79). |
| 600 ## - SUBJECT ADDED ENTRY--PERSONAL NAME | |
| Personal name | Nat |
| 9 (RLIN) | 106249 |
| 650 ## - SUBJECT ADDED ENTRY--TOPICAL TERM | |
| Topical term or geographic name entry element | Essays On Strategy |
| 9 (RLIN) | 106250 |
| 942 ## - ADDED ENTRY ELEMENTS (KOHA) | |
| Source of classification or shelving scheme | |
| Koha item type | Book |
| Call number prefix | 355.4,NAT |
| Withdrawn status | Lost status | Source of classification or shelving scheme | Damaged status | Not for loan | Collection code | Permanent Location | Current Location | Date acquired | Total Checkouts | Full call number | Barcode | Date last seen | Price effective from | Koha item type |
|---|---|---|---|---|---|---|---|---|---|---|---|---|---|---|
| Military College of Signals (MCS) | Military College of Signals (MCS) | 12/12/2016 | 355.4 NAT | MCS21525 | 12/08/2016 | 12/12/2016 | Book |
